[Event "Gligoric Cup 11th"]
[Site "Paracin"]
[Date "2025.05.24"]
[Round "4.2"]
[White "Cirkovic, Mateja"]
[Black "Ostojic, Milos R"]
[Result "0-1"]
[WhiteElo "1762"]
[BlackElo "1956"]
[PlyCount "64"]
[EventDate "2025.05.22"]
[EventType "team-swiss"]
[EventRounds "5"]
[EventCountry "SRB"]
[SourceTitle "CB22_2025"]
[SourceDate "2025.05.28"]
[SourceVersion "1"]
[SourceVersionDate "2025.05.28"]
[SourceQuality "1"]
[WhiteTeam "Krusevac"]
[BlackTeam "Aleksinac Lav"]
[WhiteTeamCountry "SRB"]
[BlackTeamCountry "SRB"]

1. Nf3 Nf6 2. d4 e6 3. c4 d5 4. e3 c6 5. Nc3 Nbd7 6. b3 Bd6 7. Bd3 0-0 8. c5 Bc7 9. 0-0 e5 10. Bf5 e4 11. Ne1 g6 12. Bh3 Nh5 13. g3 f5 14. Kh1 Ndf6 15. Rg1 Ng4 16. Qe2 Bd7 17. Ng2 Ng7 18. Bxg4 fxg4 19. Bb2 Ne6 20. b4 Ng5 21. Nh4 Rf6 22. Rgf1 Qf8 23. Rac1 Nf3 24. Nxf3 gxf3 25. Qc2 Rd8 26. a4 Bh3 27. Rg1 Qh6 28. b5 Rf5 29. Ne2 Rh5 30. Nf4 Bxf4 31. exf4 Bf1 32. Rcxf1 Rxh2# 0-1